Pedro Henríquez Ureña humanista americano / (Registro nro. 7869)

Detalles MARC
000 -LIDER
fixed length control field 00944nam a2200265 a 4500
001 - NÚMERO DE CONTROL
Identificador de número de control 000028885
003 - IDENTIFICACDOR DE NÚMERO DE CONTROL
control field DO-SdBNP
005 - DATE AND TIME OF LATEST TRANSACTION
control field 20180213130208.0
007 - CAMPOS FIJOS DE DESCRIPCIÓN FÍSICA
fixed length control field 000028885
008 - ELEMENTOS DE LONGITUD FIJA
fixed length control field 100813n 19uu rd 000 | spa d
040 ## - FUENTE DE CATALOGACIÓN
Agencia que crea de manera original el registro BPMET
Idioma de catalogación spa
Agencia que realiza la transcripción BPMET
092 ## - LOCALLY ASSIGNED DEWEY DECIMAL CALL NUMBER
Número de clasificación xxxx
Número de ítem (Cutter) H519C
100 1# - ASIENTO PRINCIPAL -- NOMBRE PERSONAL
Nombre personal Castagnino, Raúl Héctor
245 10 - MENCIÓN DE TITULO
Título Pedro Henríquez Ureña humanista americano /
Mención de responsabilidad Raúl Héctor Castagnino ; prólogo de Mariano Lebrón Saviñón.
260 ## - PUBLICACIÓN, DISTRIBUCIÓN, ETC. (PIE DE IMPRENTA)
Lugar de publicación, distribución, etc Santo Domingo :
Nombre del editor, distribuidor, etc. Comisión Organizadora Permanente de la Feria Nacional del Libro,
Fecha de publicación, distribución, etc [190?].
300 ## - DESCRIPCIÓN FÍSICA
Extensión 12 p. ;
Dimensiones 21 cm.
500 ## - NOTA GENERAL
Nota general Incluye notas al pie de las páginas.
700 1# - ASIENTO SECUNDARIO -- NOMBRE PERSONAL
Nombre personal Lebrón Saviñón, Mariano,
Mención de responsabilidad pról.
930 #1 - EQUIVALENCE OR CROSS-REFERENCE-UNIFORM TITLE HEADING [LOCAL, CANADA]
Language of a work BND01
Medium of performance for music LF1
Field link and sequence number 20110414
Date of a work 04
Name of part/section of a work CT
Miscellaneous information 21800
942 ## - ADDED ENTRY ELEMENTS (KOHA)
Source of classification or shelving scheme Dewey Decimal Classification
Koha item type Libros
945 ## - INFORMACIÓN DE PROCESAMIENTO LOCAL
Información de procesamiento local inventariado, 2018 / dg
956 ## - LOCAL ELECTRONIC LOCATION AND ACCESS (OCLC)
Nombre de host IGARCIA
Número de acceso 10
Información de compresión 20110412
Inicio de sesión BND01
Procesador de solicitud 1340
956 ## - LOCAL ELECTRONIC LOCATION AND ACCESS (OCLC)
Nombre de host WMENDOZA
Número de acceso 10
Información de compresión 20110414
Inicio de sesión BND01
Procesador de solicitud 0900
956 ## - LOCAL ELECTRONIC LOCATION AND ACCESS (OCLC)
Nombre de host VMATEO
Número de acceso 10
Información de compresión 20150512
Inicio de sesión BMET02
Procesador de solicitud 00151
Existencias
Withdrawn status Lost status Source of classification or shelving scheme Damaged status Not for loan Home library Current library Date acquired Total Checkouts Barcode Date last seen Price effective from Koha item type
    Dewey Decimal Classification     Biblioteca Pública Metropolitana Salomé Ureña Biblioteca Pública Metropolitana Salomé Ureña 05/12/2015   BPMET15051697 05/12/2015 05/12/2015 Libros